Datum a čas kvízu
25
Celkem bodů
Celkový počet nahraných bodů na tomto kvízu bez doplňovacích otázek.
7.
Pořadí na kvízu
Konečné umístění týmu na tomto kvízu.
Zaznamenané odpovědi
| # | Otázka | Odpověď | Body | Výsledky |
|---|---|---|---|---|
| 1. | V jedné z nejstarších leteckýc... | Aero Vodochody | 0 | |
| 2. | Ve věku 96 let zemřel minulý t... | Čína | 0 | |
| 3. | Jak to dopadne, když se bohové... | Největší dar | 1 | |
| 4. | Minulý týden jsme se dozvěděli... | Popeyes | 1 | |
| 5. | Jeden z favoritů mistrovství s... | Japonsko | 1 | |
| 6. | V tomto tématu se podíváme na... | 1A 2C 3B 4D | 0 | |
| 7. | V následujících slovech se na... | 1C 2B 3A 4D | 1 | |
| 8. | Podívejme se teď na místní jmé... | C | 0 | |
| 9. | V následujících slovech je vyn... | B | 1 | |
| 10. | Na závěr se podíváme na několi... | B | 1 |